00492nam a2200181Ia 4500008004100000020001800041082000800059100002500067245002300092250000600115260002500121300001600146500002400162650001000186942000700196952009000203999001700293230524s9999 xx 000 0 und d a9780070656956 bPON aS. Ponnuswamy942898 0aBridge Engineering a2 aNew DelhibTMHc2013 a"XXX,737p;" aQuantity Number: 1 aCivil cBK 00104070aTATCLbTATCLcGENd2023-05-24l0o PONp54159r2023-05-24w2023-05-24yBK c57867d57867